00338nam a2200097Ia 450000500170000000800410001710000260005824501250008430000110020965000200022020260328101511.0260328s9999||||xx |||||||||||||| ||und|| aTunnard, Christopher  0aSilueta Urbana de norteamérica :b El crecimiento y la Forma de nuestras Ciudades y poblaciones /cChristopher Tunnard a355 p. aDISEÑO URBANO